000
00294nam a2200121Ia 4500
005
20251222144835.0
008
251222s9999||||xx |||||||||||||| ||spa||
082
_a
264.5/G22
100
_a
Garassini, Juan B.
245
0
_a
Salmos a San José esposo
264
_b
Saturnino Calleja
942
_c
LIB
999
_c
21001
_d
21001